Integration of management systems in company
Výhody integrácie manažérskych systémov v rámci podniku.
Enregistré dans:
| Auteur principal: | |
|---|---|
| Autres auteurs: | |
| Format: | Chapitre de livre |
| Langue: | anglais |
| Sujets: | |
| Tags: |
Pas de tags, Soyez le premier à ajouter un tag!
|
MARC
| LEADER | 00000naa a2200000 4500 | ||
|---|---|---|---|
| 001 | 0182647 | ||
| 005 | 20230908075433.7 | ||
| 041 | 0 | |a eng | |
| 044 | |a CZ | ||
| 245 | 1 | 0 | |a Integration of management systems in company |c Renáta Turisová, Jozef Majtán |
| 520 | |a Výhody integrácie manažérskych systémov v rámci podniku. | ||
| 610 | 2 | 0 | |a systémy integrované manažérske |
| 610 | 2 | 0 | |a integrácia |
| 610 | 2 | 0 | |a kvalita |
| 610 | 2 | 0 | |a stratégia podniková |
| 100 | 1 | |a Turisová, Renáta | |
| 700 | 1 | |a Majtán, Jozef | |